书目信息 |
| 题名: |
国外大规模集成电路基础材料
|
|
| 作者: | ;上海科学技术情报研究所 编 | |
| 分册: | ||
| 出版信息: | 上海 上海科学技术文献出版社 1979 |
|
| 页数: | 50页 | |
| 开本: | 26cm | |
| 丛书名: | ||
| 单 册: | ||
| 中图分类: | TN47 | |
| 科图分类: | ||
| 主题词: | 大规模集成电路-电子材料 , 电子材料-大规模集成电路 | |
| 电子资源: | ||
| ISBN: | ||
| 000 | 00793nam0 2200241 45 | |
| 001 | 0179005947 | |
| 005 | 20060413091705.54 | |
| 010 | @dCNY0.45 | |
| 091 | @a15192.9 | |
| 100 | @a19950814d1979 em y0chiy0121 ea | |
| 101 | 0 | @achi |
| 102 | @aCN@b310000 | |
| 105 | @ay z 000yy | |
| 200 | 10 | @a国外大规模集成电路基础材料@Aguo wai da gui mo ji cheng dian lu ji chu cai liao@f上海科学技术情报研究所编@Fshang hai ke xue ji shu qing bao yan jiu suo bian |
| 210 | @a上海@c上海科学技术文献出版社@d1979 | |
| 215 | @a50页@d26cm | |
| 300 | @a国内发行 | |
| 606 | @a大规模集成电路-电子材料 | |
| 606 | @a电子材料-大规模集成电路 | |
| 690 | @aTN47@v3 | |
| 711 | 02 | @a上海科学技术情报研究所@Ashang hai ke xue ji shu qing bao yan jiu suo@4编 |
| 801 | 0 | @aCN@bTSSF@c20060413 |
| 905 | @a10447@dTN47@e4 | |
| 国外大规模集成电路基础材料/上海科学技术情报研究所编.-上海:上海科学技术文献出版社,1979 |
| 50页;26cm |
| 国内发行 |
| ISBN :CNY0.45 |
| ● |
| 相关链接 |
|
|
|
|
正题名:国外大规模集成电路基础材料
索取号:TN47/4
 
预约/预借
| 序号 | 登录号 | 条形码 | 馆藏地/架位号 | 状态 | 备注 |
| 1 | 0007270 | 202257789 | 密集书库/ [索取号:TN47/4] | 在馆 | |
| 2 | 0007271 | 202456804 | 密集书库/ [索取号:TN47/4] | 在馆 |